[Event "London Classic 2nd"]
[Site "London"]
[Date "2010.12.15"]
[Round "7"]
[White "Carlsen, Magnus"]
[Black "Short, Nigel D"]
[Result "1-0"]
[WhiteElo "2802"]
[BlackElo "2680"]
[Annotator "Postny,Evgeny"]
[PlyCount "79"]
[EventDate "2010.12.06"]
[EventType "tourn"]
[EventRounds "7"]
[EventCountry "ENG"]
[EventCategory "19"]
[SourceTitle "CBM 140"]
[Source "ChessBase"]
[SourceDate "2011.01.18"]
[SourceVersion "1"]
[SourceVersionDate "2011.01.18"]
[SourceQuality "1"]

1. e4 e6 2. d4 d5 3. Nd2 dxe4 4. Nxe4 Nd7 5. Nf3 Be7 6. Bc4 {This is a somewhat unusual square for the bishop. Normally, 6.d3 follows automatically.} Ngf6 {Nigel must be familiar with the position, as once he was on the white side, even though the game ended in a quick draw.} 7. Nxf6+ (7. Qe2 O-O 8. Nxf6+ Bxf6 9. Be3 c5 10. O-O-O Qa5 11. Qd2 Qxd2+ 12. Rxd2 Nb6 13. Be2 {½-½ Short,N (2615)-Spassky,B (2620)/Solingen 1986/TD}) 7... Nxf6 8. O-O O-O 9. Ne5 {This move is directed to preventing the fianchetto by b7-b6, followed by c8-b7.} (9. Qe2 b6 10. Bg5 Bb7 11. Rad1 Nd5 {has appeared in practice numerous times. Black has very little to worry about.}) 9... c5 10. dxc5 Qxd1 $6 {I don't think Black should give up the fight over the d-file.} (10... Bxc5 {Here White can avoid the exchange of queens, but it shouldn't be a source of worry for Black.} 11. Qe2 Nd5 $1 (11... Qc7 12. Bf4 $36) 12. Rd1 Qc7 13. Bxd5 exd5 14. Rxd5 Be6 15. Rd1 Rae8 $44) 11. Rxd1 Bxc5 12. Be2 $1 $14 {The bishop will be ready to go to f3, pressing on Black's queenside.} Ne4 {[%csl Rf2]} 13. Nd3 Be7 14. Be3 h6 $146 {Under normal circumstances this would be a useful move, but here it's a loss of a vital tempi. In fact, this is already the last critical moment in the game.} (14... Bd7 $2 15. Bf3 f5 (15... Bc6 $2 16. Ne5 f5 17. Nxc6 bxc6 18. Bxe4 fxe4 19. Rd4 $18) 16. Bxe4 fxe4 17. Nc5 Bxc5 18. Rxd7 $16) (14... f6 $2 15. a4 e5 16. Bf3 Bf5 17. a5 a6 18. Ra4 Nd6 19. Bd5+ Kh8 20. c4 $16) (14... b6 $1 {was called for.} 15. Ne5 (15. a4 Bb7 16. a5 Rfc8 17. axb6 axb6 18. Rxa8 Bxa8 $14) 15... Bd6 16. Nc4 (16. Bf3 Bxe5 17. Bxe4 Rb8 {is not much for White.}) 16... Bc7 17. Na3 (17. Bf3 Bb7 18. Rd7 Rac8 $11) 17... Be5 18. Bd4 Bxd4 19. Rxd4 Bb7 20. Rad1 $14 {After 14...b6 in all lines Black's position is slightly worse, but with accurate defence he should be able to hold.}) ({RR} 14... f6 15. Bf3 Nd6 16. Bc5 Rd8 17. a4 e5 18. a5 Kf7 19. Re1 Bf8 20. Ra4 Bd7 21. Bd5+ Kg6 22. Rh4 Bc6 23. Be6 Re8 24. Bg4 Red8 25. f4 e4 26. Bh5+ Kf5 27. Nb4 Ke6 28. Nxc6 bxc6 29. Bxd6 {Jones,G (2657)-Stupak,K (2535) Gjakova 2016 ½-½ (58)}) 15. a4 $1 {From now on Black won't be able to complete his development without losing material.} a5 (15... b6 16. a5 {is no longer satisfactory for Black.}) 16. g3 {A somewhat surprising quiet move, which doesn't spoil anything, though. Black doesn't have a useful move.} (16. Ne5 {was far more obvious with the same idea which Magnus realised one move later.}) 16... Rd8 17. Ne5 Nf6 18. Nc4 Rxd1+ (18... Nd5 19. Nb6 Nxb6 20. Bxb6 {and Black is paralysed.}) 19. Rxd1 Nd5 20. Nb6 Nxe3 21. fxe3 Rb8 {The elimination of the bishop didn't make Black's life easier. His queenside pieces are still stuck.} 22. Kf2 e5 ({The alternatives lead to a very similar position:} 22... f6 23. Rd4 {[%csl Rc8][%cal Gd4c4]} e5 24. Rd5) (22... g6 23. Rd4 e5 24. Rd5) 23. Rd5 Be6 24. Rxa5 $18 Rd8 25. Bd3 {Black had to give up the important pawn in order to complete his development. Now the game enters into the technical phase, where White's pawn majority on the queenside, three against one, decides matters.} Bf6 26. e4 $1 {Killing Black's hopes of opening some diagonals.} Rd4 27. Rb5 (27. Ra7 Rb4 28. Rxb7 Rxb2 29. a5 {was even easier.}) 27... g6 28. a5 Kg7 29. Ke2 Bg4+ 30. Kf2 Be6 31. Kf3 h5 32. Nd5 Bd8 33. b4 {Slowly, but surely, White's pawns march forward.} Bc8 34. Ke2 Bg4+ 35. Ke1 f5 36. Rxb7+ Kh6 37. Ne3 Bf3 38. a6 fxe4 39. Be2 Bg5 40. a7 1-0

[Event "Tata Steel-A 73rd"]
[Site "Wijk aan Zee"]
[Date "2011.01.15"]
[Round "1"]
[White "Carlsen, Magnus"]
[Black "Aronian, Levon"]
[Result "1/2-1/2"]
[WhiteElo "2814"]
[BlackElo "2805"]
[PlyCount "55"]
[EventDate "2011.01.14"]
[EventType "tourn"]
[EventRounds "13"]
[EventCountry "NED"]
[EventCategory "20"]
[SourceTitle "CBM 141"]
[Source "ChessBase"]
[SourceDate "2011.03.17"]
[SourceVersion "1"]
[SourceVersionDate "2011.03.17"]
[SourceQuality "1"]

1. e4 e5 2. Nf3 Nc6 3. d4 exd4 4. Nxd4 Nf6 5. Nxc6 bxc6 6. e5 Qe7 7. Qe2 Nd5 8. c4 Ba6 9. Nd2 g6 10. b3 Bg7 11. Bb2 Nb4 12. O-O-O ({RR} 12. Nf3 c5 13. g3 O-O 14. Bg2 d5 15. O-O Rad8 16. Rfd1 Rfe8 17. a3 Nc6 18. Qc2 d4 19. Re1 Qd7 20. b4 Nxe5 21. b5 Bc8 22. Nxe5 Rxe5 23. Rxe5 Bxe5 24. Qd2 Qd6 25. Re1 Be6 26. Qd3 Re8 {Svidler,P (2660)-Adams,M (2680) Tilburg 1997 ½-½ (39)}) ({RR} 12. Nf3 c5 13. g3 O-O 14. Bg2 d5 15. O-O dxc4 16. bxc4 Rad8 17. Rfd1 Qe6 18. a3 Bxc4 19. Qe4 Nd3 20. Bc3 h6 21. Rab1 Ba6 22. Bf1 c4 23. Bxd3 Rxd3 24. Rxd3 cxd3 25. Nd2 Re8 26. f4 Bf8 {Dudarec,E (1928)-Ivekovic,T (2035) Ceske Budejovice CZE 2025 0-1 (34)}) 12... Nxa2+ 13. Kb1 Nb4 14. Ne4 O-O $146 ({RR} 14... Bb7 15. Qe3 O-O 16. f4 Rfe8 17. Be2 d6 18. g4 c5 19. h4 Bxe4+ 20. Qxe4 a5 21. h5 a4 22. hxg6 hxg6 23. bxa4 Rxa4 24. Rd2 dxe5 25. Bd1 Ra6 26. f5 Qg5 27. Rdh2 Nc6 28. fxg6 Qxg6 29. Qxg6 {Genocchio,D (2432)-Sbarra,M (2227) Mortara 2011 0-1 (52)}) 15. Qf3 Rfe8 16. Nf6+ Bxf6 17. exf6 Qc5 18. h4 d5 19. Qf4 dxc4 20. bxc4 Rab8 21. Qh6 Qf8 22. Qxf8+ Kxf8 23. h5 Bc8 24. hxg6 fxg6 25. Rxh7 Bf5+ 26. Ka1 Nc2+ 27. Ka2 Nb4+ 28. Ka1 1/2-1/2

[Event "Tata Steel-A 73rd"]
[Site "Wijk aan Zee"]
[Date "2011.01.16"]
[Round "2"]
[White "Shirov, Alexei"]
[Black "Carlsen, Magnus"]
[Result "1/2-1/2"]
[WhiteElo "2722"]
[BlackElo "2814"]
[PlyCount "55"]
[EventDate "2011.01.14"]
[EventType "tourn"]
[EventRounds "13"]
[EventCountry "NED"]
[EventCategory "20"]
[SourceTitle "CBM 141"]
[Source "ChessBase"]
[SourceDate "2011.03.17"]
[SourceVersion "1"]
[SourceVersionDate "2011.03.17"]
[SourceQuality "1"]

1. e4 e5 2. Nf3 Nc6 3. d4 exd4 4. Nxd4 Nf6 5. Nxc6 bxc6 6. e5 Qe7 7. Qe2 Nd5 8. c4 Ba6 9. b3 g6 10. Ba3 Qg5 ({RR} 10... Nb4 11. Bb2 Bg7 12. a3 Nd5 13. Nd2 O-O 14. O-O-O Rfe8 15. Re1 Nb6 16. h4 d5 17. h5 dxc4 18. hxg6 hxg6 19. Qf3 Rab8 20. Re4 Bc8 21. Nxc4 Bf5 22. Reh4 Nxc4 23. Bxc4 Qg5+ 24. Qe3 Qxe3+ 25. fxe3 {Caruana,F (2766)-So,W (2760) Wijk aan Zee NED 2023 ½-½ (41)}) ({RR} 10... Nb4 11. Bb2 Bg7 12. a3 Nd5 13. Nd2 O-O 14. O-O-O Rfe8 15. Qf3 Nb6 16. Ne4 Bxe5 17. Bxe5 Qxe5 18. Nf6+ Kf8 19. Nxe8 Qa1+ 20. Kc2 Qa2+ 21. Kc1 Qa1+ 22. Kc2 Qa2+ 23. Kc1 Qa1+ {½-½ (23) Vakhidov,J (2521)-Amin,B (2633) Samarkand UZB 2025}) 11. g3 Bxa3 12. Nxa3 O-O-O $146 ({RR} 12... Nc3 13. h4 Qe7 14. Qe3 Qxa3 15. Qxc3 O-O-O 16. Bh3 Rhe8 17. O-O Qc5 18. Rfe1 Kb8 19. Rad1 Re7 20. a4 h5 21. a5 Kc8 22. Re4 Ree8 23. b4 Qe7 24. Red4 Qxe5 25. Rxd7 Qxc3 26. Rxd8+ Kb7 27. Bc8+ {Szieberth,A (2389)-Amin,B (2133) Tanta 2001 1-0}) 13. Qe4 Qe7 14. Nc2 f5 15. Qd4 Nb4 16. Nxb4 Qxb4+ 17. Qd2 Qc5 18. f4 d6 19. b4 Qb6 20. c5 Qb7 21. Bxa6 Qxa6 22. cxd6 cxd6 23. exd6 Rhe8+ 24. Kf2 Rxd6 25. Qxd6 Qe2+ 26. Kg1 Qe3+ 27. Kg2 Qe2+ 28. Kg1 1/2-1/2

[Event "Tata Steel-A 73rd"]
[Site "Wijk aan Zee"]
[Date "2011.01.20"]
[Round "5"]
[White "Carlsen, Magnus"]
[Black "L'Ami, Erwin"]
[Result "1-0"]
[WhiteElo "2814"]
[BlackElo "2628"]
[PlyCount "187"]
[EventDate "2011.01.14"]
[EventType "tourn"]
[EventRounds "13"]
[EventCountry "NED"]
[EventCategory "20"]
[SourceTitle "CBM 141"]
[Source "ChessBase"]
[SourceDate "2011.03.17"]
[SourceVersion "1"]
[SourceVersionDate "2011.03.17"]
[SourceQuality "1"]

1. e4 e5 2. Nf3 Nc6 3. Bb5 a6 4. Ba4 Nf6 5. d3 d6 6. c3 g6 7. O-O Bg7 8. Re1 O-O 9. Nbd2 Kh8 ({RR} 9... Re8 10. h3 b5 11. Bc2 Bb7 12. d4 Nb8 13. Rb1 Nbd7 14. d5 c6 15. c4 Qc7 16. b3 Bh6 17. Nf1 Bxc1 18. Rxc1 bxc4 19. bxc4 Nc5 20. N3h2 Bc8 21. Qf3 Qe7 22. dxc6 Be6 23. Ne3 Nh5 24. Nd5 {Morozevich,A (2765)-Ivanchuk,V (2751) Nice 2008 1-0 (50)}) 10. Nf1 Ng8 ({RR} 10... Nd7 11. d4 f5 12. exf5 gxf5 13. dxe5 dxe5 14. Ng3 Qe8 15. Bc2 Ne7 16. Bg5 e4 17. Bxe7 Qxe7 18. Nxf5 Rxf5 19. Bxe4 Re5 20. Nxe5 Bxe5 21. Kh1 Qc5 22. Bd5 Qxf2 23. Qh5 Qf6 24. Qe8+ Kg7 25. Rf1 {Herrmann,A (2149)-Ensslinger,C (2095) Oer-Erkenschwick GER 2025 1-0}) 11. Bg5 $146 ({RR} 11. Ng3 Qe8 12. Nd2 Bd7 13. Ndf1 Nd8 14. Bc2 Ne6 15. Ne3 b5 16. a4 Qb8 17. Nd5 c6 18. Ne3 Qb7 19. h4 Nh6 20. d4 Nf4 21. axb5 axb5 22. Rxa8 Rxa8 23. dxe5 dxe5 24. Qd6 f6 25. Bb3 Be8 {Shytaj,L (2475)-Vocaturo,D (2564) Spoleto 2011 1-0 (46)}) ({RR} 11. d4 Qe7 12. Bxc6 bxc6 13. dxe5 dxe5 14. Qa4 Bd7 15. Qc4 f5 16. Be3 Rfe8 17. exf5 gxf5 18. Bc5 Qf6 19. Ng3 Be6 20. Qa4 Bf7 21. Qh4 Qg6 22. Qg5 Nh6 23. Qxg6 hxg6 24. Ng5 Bg8 25. b3 Ng4 {Urbina Perez,J (2274)-Gomez Ledo,R (2458) Chess.com INT 2022 0-1 (75)}) 11... f6 12. Bh4 Qe8 13. d4 Bd7 14. d5 Nd8 15. Bxd7 Qxd7 16. N3d2 Nf7 17. f3 f5 18. c4 a5 19. Bf2 Nf6 20. c5 fxe4 21. Nxe4 dxc5 22. Nxc5 Qxd5 23. Qxd5 Nxd5 24. Rad1 c6 25. Ne3 Rfd8 26. a4 Nxe3 27. Bxe3 b5 28. b3 bxa4 29. bxa4 Rd5 30. Ne6 Bf8 31. Nc7 Rxd1 32. Rxd1 Rd8 33. Rc1 Rd3 34. Bb6 Bb4 35. Rxc6 Ra3 36. Ne6 h5 37. f4 Rxa4 38. fxe5 Ra1+ 39. Kf2 Re1 40. Bd4 Kg8 41. Rc8+ Kh7 42. Nf8+ Kh6 43. Nd7 Rd1 44. Be3+ Kg7 45. Rc7 a4 46. e6 Nd6 47. h4 a3 48. Ra7 g5 49. hxg5 Kg6 50. e7 a2 51. Nf8+ Kf5 52. Rxa2 Ne4+ 53. Kf3 Rf1+ 54. Ke2 Ng3+ 55. Kd3 Bxe7 56. Ra5+ Kg4 57. Ra4+ Kf5 58. Ra5+ Kg4 59. Ne6 Rd1+ 60. Kc2 Rd7 61. g6 Nf1 62. Bc1 Bf6 63. g7 Bxg7 64. Rg5+ Kh4 65. Nxg7 Ne3+ 66. Bxe3 Rd2+ 67. Kc1 Rd1+ 68. Kb2 Rd2+ 69. Kc3 Rd3+ 70. Kc4 Rxe3 71. Rxh5+ Kg4 72. Rh2 Re7 73. Nh5 Re5 74. Nf6+ Kg3 75. Rh7 Kxg2 76. Kd4 Re1 77. Ng4 Kg3 78. Ne3 Ra1 79. Rg7+ Kf4 80. Rf7+ Kg3 81. Nc2 Ra4+ 82. Ke3 Kg4 83. Nd4 Kg5 84. Ke4 Kg6 85. Rf1 Ra5 86. Nc6 Ra4+ 87. Ke5 Kg5 88. Rg1+ Rg4 89. Ra1 Rg3 90. Re1 Rg2 91. Ne7 Kg4 92. Nf5 Ra2 93. Rg1+ Kf3 94. Nh4+ 1-0

[Event "Tata Steel-A 73rd"]
[Site "Wijk aan Zee"]
[Date "2011.01.21"]
[Round "6"]
[White "Smeets, Jan"]
[Black "Carlsen, Magnus"]
[Result "0-1"]
[WhiteElo "2662"]
[BlackElo "2814"]
[Annotator "Kritz,Leonid"]
[PlyCount "66"]
[EventDate "2011.01.14"]
[EventType "tourn"]
[EventRounds "13"]
[EventCountry "NED"]
[EventCategory "20"]
[SourceTitle "CBM 141"]
[Source "ChessBase"]
[SourceDate "2011.03.17"]
[SourceVersion "1"]
[SourceVersionDate "2011.03.17"]
[SourceQuality "1"]

1. e4 e5 2. Nf3 Nc6 3. Bb5 Nf6 4. O-O Nxe4 5. d4 Nd6 6. Bxc6 dxc6 7. dxe5 Nf5 8. Qxd8+ Kxd8 9. Nc3 Bd7 10. h3 b6 {Das sieht schon wirklich gefährlich aus. Das Feld g5 sollte man unter Kontrolle nehmen oder man hat wirklich alles bis ins kleinste Details analysiert, was nach d1-g5 passiert.} 11. b3 (11. Rd1 $5 {Der direkteste Versuch, die Abwesenheit des Bauern auf h6 auszunutzen.} Kc8 12. g4 Ne7 13. Ng5 $1 f5 $1 14. e6 Be8 15. Nf7 Bxf7 16. exf7 Ng6 $1 17. gxf5 Nh4 18. Ne4 Be7 19. Rd3 Rf8 $13 {Navara - Hammer (Wijk aan Zee, 2011)}) ({RR} 11. Bf4 Kc8 12. Rad1 Be7 13. g4 Nh4 14. Nxh4 Bxh4 15. Ne4 c5 16. Bg3 Bc6 17. Rfe1 Be7 18. f4 Kb7 19. Kf2 Rad8 20. Ke3 h5 21. Rxd8 Bxd8 22. c4 hxg4 23. hxg4 Rh3 24. Kf2 g6 25. Nf6 Kc8 {Smeets,J (2608)-Bok,B (2601) Amstelveen 2017 ½-½ (68)}) 11... Kc8 ({RR} 11... Be7 12. Bb2 Kc8 13. Rad1 c5 14. Nd5 Bd8 15. g4 Nh4 16. Nxh4 Bxh4 17. f4 Bd8 18. f5 Bc6 19. Nf4 Bg5 20. e6 f6 21. Kh2 Kb7 22. Kg3 Bxf4+ 23. Kxf4 h6 24. h4 a5 25. a4 c4 26. Rd4 {Melkumyan,H (2640)-Otero Marino,A (2250) chess.com INT 2024 1-0 (47)}) 12. Bb2 h5 $5 {Wenn das geht, dann hat Schwarz einfach Zeit an h6 gespart und steht sehr gut.} (12... Be7 13. g4 Nh4 14. Nxh4 Bxh4 15. f4 f5 16. exf6 gxf6 17. f5 $14 {Womacka - Harikrishna (Catalan Bay, 2004)}) ({RR} 12... Be7 13. Rad1 Nh4 14. Nd4 h5 15. Kh2 Kb7 16. g3 Ng6 17. Rfe1 c5 18. Nf3 Bf5 19. Rd2 Rhd8 20. Rde2 Nf8 21. Ne4 Ne6 22. Bc1 a5 23. Neg5 Bxg5 24. Bxg5 Rd5 25. Be3 a4 26. Nh4 Rxe5 27. f4 {Caruana,F (2781)-Aronian,L (2802) Wijk aan Zee 2013 ½-½ (104)}) 13. g3 $146 {Das ist natürlich kein Versuch, den schwarzen Aufbau zu widerlegen.} (13. Ng5 Be7 $1 {Es entstehen einige hübsche Varianten.} 14. Nxf7 (14. Nce4 Be8 15. Rad1 Kb7) 14... Rf8 15. Rfe1 Be6 16. Nd6+ cxd6 17. exd6 Bh4 $1 18. Rxe6 (18. g3 Kd7 19. gxh4 Nxh4 $11) 18... Bxf2+ 19. Kh2 $1 (19. Kh1 Kd7 20. Re5 Bd4 21. Ree1 Rae8 $15) 19... Bg3+ 20. Kg1 Bf2+ $11) ({RR} 13. Rad1 Be7 14. Ne2 a5 15. a4 c5 16. Nf4 c4 17. e6 Bxe6 18. Nxe6 fxe6 19. Rfe1 cxb3 20. cxb3 Rf8 21. Rxe6 Bc5 22. Be5 Nh4 23. Nxh4 Bxf2+ 24. Kh2 Bxh4 25. Bxg7 Rf7 26. Be5 Kb7 27. g3 Rd8 {Pedersen,C (2416)-Schandorff,L (2494) Helsingor 2012 ½-½}) ({RR} 13. Ng5 Be8 14. Rad1 Be7 15. Nge4 Kb7 16. Rd3 Rd8 17. Rfd1 Rxd3 18. Rxd3 h4 19. f3 a5 20. Kf2 Kc8 21. Bc1 Bd7 22. Bg5 Bb4 23. Bc1 Re8 24. f4 Be7 25. Bb2 Be6 26. a4 Rh8 27. Ne2 Rf8 {Bruzon Batista,L (2691)-Harikrishna,P (2665) Wijk aan Zee 2012 0-1 (79)}) 13... Be7 {Schwarz hat das Maximum erreicht, was er in der Berliner Mauer erreichen kann.} 14. Rad1 a5 15. a4 {Es ist gut für Schwarz, die Züge a5 und a4 einzuschließen, denn die weißen Bauern c2-b3-a4 können später Angriffsziele des schwarzen weißfeldrigen Läeufers werden. Doch Weiß muss a4 spielen, weil er nicht damit leben kann, dass Schwarz jeder Zeit selbst a4 spielt.} Re8 16. Rd3 $2 {Es stellt sich heraus, dass der Turm auf d3 sehr unglücklich steht. Ein prophylaktischer Zug wie h2 wäre besser gewesen.} (16. Kh2 $5 c5 17. Nd5 c4 18. Nxe7+ (18. g4 hxg4 19. hxg4 Nh6 20. g5 Nf5 21. Nxe7+ Rxe7 $15) 18... Rxe7 19. Rd2 Kb7 $11) 16... c5 {Das ist ein Standardzug - man gibt das Feld d5 auf, bringt aber den Läufer nach c6. Der Springer auf d5 steht schön, macht aber wenig.} 17. Nd5 c4 $1 {Wenn ein solcher Zug in der Berliner Mauer gespielt wird, dann muss Weiß sofort gewinnen oder er wird schlechter stehen. Sofort gewinnen kann er hier nicht, also...} 18. Rc3 (18. Nxe7+ Nxe7 {Nun hängt der Bauer auf h3 auch noch.} 19. Rd2 (19. bxc4 Bxa4 $17) 19... cxb3 20. cxb3 Bxh3 $19) 18... Bc5 $1 {Das war die Idee! Der Bauer c7 ist indirekt verteidigt, der andere auf g3 hängt! Schwarz hat großen Vorteil.} 19. Kh2 (19. Rxc4 Bc6 $1 {Man muss sehr genau spielen!} (19... Nxg3 $2 20. Rd1 $1 {Es droht xc5 oder a3} Nf5 21. Ba3 Bxa3 22. Nxc7 $3 $18 {Nicht mit dem Turm - das ist die Idee.}) 20. Rd1 Rd8 21. Rf4 Nxg3 $17) 19... Bc6 {Auch 19...cxb3 führt zum Vorteil.} (19... cxb3 20. cxb3 Bc6 $15) 20. bxc4 Bxa4 $17 {Diese Stellung ist fast verloren für Weiß. Schwarz hat das Läuferpaar, die bessere Bauernstruktur, einen entfernten Freibauern und aktiv stehende Figuren. Und das nach nur 20 Zügen!} 21. Ra1 Bc6 22. Rf1 $2 {Man sieht, dass der Weißspieler die Partie schon psychologisch aufgegeben hat.} a4 {Schwarz hat keine Schwiriegkeiten mit der Verwertung seines Vorteils.} 23. Ba3 Ra5 24. g4 hxg4 25. hxg4 Ne7 (25... Nd4 $1 {würde noch einfacher gewinnen.} 26. Bxc5 Rh8+ 27. Kg2 (27. Kg3 Ne2+ 28. Kg2 Rxc5 29. Re3 Rxc4 30. Ne7+ Kb7 31. Nxc6 Rxg4#) 27... Rxc5 $3 28. Nxd4 (28. Ne7+ Kb7 29. Nxc6 Nxc6 30. Re1 Ra8 31. Ree3 Raa5 $19) 28... Bxd5+ 29. Kg3 Rxc4 $19) 26. Nb4 {Das Nehmen auf e7 sieht auch nicht gut aus.} (26. Nxe7+ Bxe7 27. Ra1 Bxa3 28. Raxa3 Rc5 $17) 26... Bb7 27. Kg3 Ng6 $19 {Alle schwarzen Figuren greifen an, alle weißen sind am Verteidigen.} 28. Re1 Bxf3 {Einfachste Entscheidung.} 29. Rxf3 Rxe5 30. Rd1 Re4 31. Rxf7 Rxg4+ 32. Kxg4 Ne5+ 33. Kg3 Nxf7 0-1

[Event "Tata Steel-A 73rd"]
[Site "Wijk aan Zee"]
[Date "2011.01.22"]
[Round "7"]
[White "Carlsen, Magnus"]
[Black "Anand, Viswanathan"]
[Result "1/2-1/2"]
[WhiteElo "2814"]
[BlackElo "2810"]
[PlyCount "36"]
[EventDate "2011.01.14"]
[EventType "tourn"]
[EventRounds "13"]
[EventCountry "NED"]
[EventCategory "20"]
[SourceTitle "CBM 141"]
[Source "ChessBase"]
[SourceDate "2011.03.17"]
[SourceVersion "1"]
[SourceVersionDate "2011.03.17"]
[SourceQuality "1"]

1. e4 c5 2. Nf3 d6 3. d4 cxd4 4. Nxd4 Nf6 5. Nc3 a6 6. g3 e6 7. Bg2 Be7 8. O-O O-O 9. Nce2 Qc7 10. b3 e5 11. Nf5 Bxf5 12. exf5 d5 13. Bxd5 $146 ({RR} 13. Bg5 Nbd7 14. c4 d4 15. g4 Rad8 16. Ng3 h6 17. Bd2 Nc5 18. h4 Nh7 19. g5 hxg5 20. hxg5 Bxg5 21. Bxg5 Nxg5 22. b4 Nd7 23. Qg4 f6 24. Bd5+ Rf7 25. Ne4 Nxe4 26. Qxe4 Nb6 27. Bxf7+ Qxf7 {Van Riemsdijk,H (2355)-Rocha,W Campinas 1989 1-0 (53)}) ({RR} 13. Bb2 Rd8 14. Nc3 e4 15. Ne2 Nc6 16. Nd4 Rac8 17. Rc1 Bc5 18. Nxc6 Qxc6 19. Bxf6 Qxf6 20. Qe2 Qxf5 21. c4 Qg5 22. Kh1 Ba3 23. Rc2 dxc4 24. Rxc4 f5 25. Rxc8 Rxc8 26. Rd1 h5 27. f3 Rc1 {Velickovic,S (2283)-Nestorovic,L (2382) Skopje 2018 ½-½ (36)}) ({RR} 13. Bg5 Nbd7 14. c4 dxc4 15. Rc1 Nb6 16. bxc4 Nbd7 17. Nc3 Ba3 18. Rb1 Qxc4 19. Qb3 Qxb3 20. Rxb3 Bc5 21. Bxb7 Ra7 22. Na4 Rb8 23. Bxf6 gxf6 24. Bd5 Rxb3 25. Bxb3 Rc7 26. Nxc5 Nxc5 27. Rc1 Kf8 {Camacho,C (2203)-Citra,D (1994) Tagaytay City 2011 ½-½ (32)}) 13... Rd8 14. c4 Nxd5 15. cxd5 Qa5 16. Qd2 Qxd2 17. Bxd2 Rxd5 18. Be3 Nc6 1/2-1/2

[Event "Tata Steel-A 73rd"]
[Site "Wijk aan Zee"]
[Date "2011.01.25"]
[Round "9"]
[White "Vachier Lagrave, Maxime"]
[Black "Carlsen, Magnus"]
[Result "1/2-1/2"]
[WhiteElo "2715"]
[BlackElo "2814"]
[Annotator "Moradiabadi,Elshan"]
[PlyCount "84"]
[EventDate "2011.01.14"]
[EventType "tourn"]
[EventRounds "13"]
[EventCountry "NED"]
[EventCategory "20"]
[SourceTitle "CBM 141"]
[Source "ChessBase"]
[SourceDate "2011.03.17"]
[SourceVersion "1"]
[SourceVersionDate "2011.03.17"]
[SourceQuality "1"]

{A nice game by both parties in which once again the world number one proved the "Berlin Wall" continues to stand strong!} 1. e4 e5 2. Nf3 Nc6 3. Bb5 Nf6 4. O-O Nxe4 5. d4 Nd6 6. Bxc6 dxc6 7. dxe5 Nf5 8. Qxd8+ Kxd8 9. Nc3 Bd7 {#This move has become popular over the last year.} 10. h3 b6 11. Bf4 Kc8 12. Rad1 h6 {#By a curious transposition, we have reached a famous typical position, which has been examined several times before, even by Carlsen!} 13. Bh2 {White's bishop clears the way for the pawn's majority march!} (13. Rd3 Be6 14. Rfd1 Kb7 15. b3 g5 16. Bc1 c5 17. Nd5 Ne7 18. Nxe7 Bxe7 19. c4 Rag8 20. Nd2 g4 21. hxg4 Rxg4 22. Nf1 Rhg8 23. Rg3 h5 24. Re1 a6 25. Rxg4 hxg4 26. Rd1 Kc6 27. Bf4 Rd8 28. Rxd8 Bxd8 29. Ne3 b5 30. Kf1 bxc4 31. bxc4 Kb6 32. Ke2 Ka5 33. Kd3 c6 34. f3 gxf3 35. gxf3 Ka4 36. Bh6 Ka3 37. f4 Kxa2 38. Kc2 f5 39. Bf8 Bb6 40. Be7 a5 41. Bh4 a4 42. Be1 Bd8 43. Nd1 Ka3 44. Nb2 Be7 45. Bc3 Bf8 46. Nd3 {1-0 Anand, V (2786)-Topalov,V (2757)/Monte Carlo 2005/CBM 105 ext}) (13. a3 Be6 14. g4 Ne7 15. Nd4 Bc4 16. Rfe1 c5 17. Nf5 Nc6 18. Nd5 Bxd5 19. Rxd5 g6 20. e6 gxf5 21. exf7 Bd6 22. Bxh6 Kb7 23. Bg7 Rh7 24. Rxd6 Rxg7 25. Rxc6 fxg4 26. Rxb6+ cxb6 27. Re7+ Kc6 28. f8=Q Rxf8 29. Rxg7 gxh3 30. Rh7 Rd8 31. Rxh3 Rd1+ 32. Kg2 Rc1 33. Rc3 {1-0 Carlsen,M (2548)-Nielsen,P (2653)/Warsaw 2005/CBM 108 (49)}) 13... a5 14. g4 Ne7 15. Nd4 h5 16. e6 $5 {A typical temporary pawn sacrifice which seems just sufficient for "compensation" in this particular position, however one should not forget about the practical difficulties Black has to face.} fxe6 17. Rfe1 hxg4 18. hxg4 Rh6 19. g5 Rh5 20. Nxe6 Bxe6 21. Rxe6 Rxg5+ {Black is totally safe now.} 22. Kf1 Rf5 23. a4 Rb8 24. Rd3 Rf7 25. Kg2 b5 26. axb5 cxb5 27. Ra6 b4 28. Nd5 Nxd5 29. Rxd5 b3 30. c3 Ba3 31. Re6 Re7 32. Rxe7 Bxe7 33. Rxa5 Kd7 34. Be5 Bd6 35. Bd4 Bf4 36. Kf3 Bc1 37. c4 g5 38. Ke4 Rf8 39. Rd5+ Kc6 40. Rc5+ Kd7 41. Rd5+ Kc6 42. Rc5+ Kd7 $146 {A neat draw!} 1/2-1/2